000
00252nam a2200109Ia 4500
999
_c
9382
_d
9382
020
_a
978-0-273-74093-3
100
_a
Linden Brown
245
0
_a
Competitive Marketing Strategy
260
_a
New Jersey
_b
Prentice Hall
_c
2000
300
_a
308
942
_c
BK